URS Corporation v BDW Trading Ltd (Record no. 122182)
[ view plain ]
| 000 -LEADER | |
|---|---|
| fixed length control field | 01997nas a22002177a 4500 |
| 007 - PHYSICAL DESCRIPTION FIXED FIELD--GENERAL INFORMATION | |
| fixed length control field | ta |
| 008 - FIXED-LENGTH DATA ELEMENTS--GENERAL INFORMATION | |
| fixed length control field | 250625s2025 xxk||||os||||o00| 0 eng d |
| 041 ## - LANGUAGE CODE | |
| Language code of text/sound track or separate title | eng |
| 245 ## - TITLE STATEMENT | |
| Title | URS Corporation v BDW Trading Ltd |
| 260 ## - PUBLICATION INFORMATION | |
| Place of publication | [2025] UKSC 21, |
| Publisher | UK Supreme Court |
| Date | 21 May 2025 |
| 520 ## - ABSTRACT | |
| Abstract | Appeal against decision in Court of Appeal dismissed. Where a developer aimed to remedy defects due to faulty design and carried out repairs to buildings it no longer owned, there was no "voluntariness principle" which operated as a bright-line rule of law to place the developer's losses outside the duty of care owed by the designer. Although the developer had repaired property which no longer belonged to it without any legally enforceable obligation to do so, it was arguable that it had had no realistic alternative in view of the risk that defects might cause injury to occupants and reputational damage to the developer, such that it was not exercising sufficiently full and free choice in effecting the repairs. <br/><br/>The issues were whether BDW had suffered actionable damage, or whether the damage was outside the scope of the duty of care or too remote because it was voluntarily incurred; whether s.135 of the Building Safety Act 2022 applied; whether URS owed a duty to BDW under s.1(1)(a) of the Defective Premises Act 1972 and, if so, whether BDW's losses were recoverable for breach of that duty; and whether BDW was entitled to bring a claim against URS under s.1 of the Civil Liability (Contribution) Act 1978 notwithstanding that there had been no judgment or settlement between BDW and any third party.<br/> |
| 650 ## - KEYWORDS | |
| Keywords | BUILDING SAFETY ACT 2022 |
| 650 ## - KEYWORDS | |
| Keywords | CIVIL LIABILITY (CONTRIBUTION) ACT 1978 |
| 650 ## - KEYWORDS | |
| Keywords | DEFECTIVE PREMISES ACT 1972 |
| 650 ## - KEYWORDS | |
| Keywords | DEFECTIVE WORKS |
| 650 ## - KEYWORDS | |
| Keywords | LIABILITY |
| 650 ## - KEYWORDS | |
| Keywords | PROPERTY DEVELOPERS |
| 650 ## - KEYWORDS | |
| Keywords | RESIDENTIAL PROPERTY |
| 651 ## - SUBJECT ADDED ENTRY--GEOGRAPHIC NAME | |
| Geographic name | United Kingdom |
| 856 ## - ONLINE RESOURCE | |
| Uniform Resource Identifier | https://www.supremecourt.uk/cases/uksc-2023-0110 |
| Public note | Available from Supreme Court |
| Withdrawn status | Lost status | Damaged status | Koha normalized classification for sorting | Not for loan | Home library | Current library | Shelving location | Date acquired | Total Checkouts | Full call number | Date last seen | Price effective from | Koha item type |
|---|---|---|---|---|---|---|---|---|---|---|---|---|---|
| ONLINE_JUDGMENT | Virtual | Virtual | Online | 25/06/2025 | ONLINE JUDGMENT | 25/06/2025 | 25/06/2025 | Law report |